Odzrkadlenie snáh o vysokoškolské vzdelávanie učiteľov národných škôl v slovenských pedagogických časopisoch v období rokov 1918-1946

Otázka vysokoškolského vzdelávania učiteľov národných škôl ako jeden z významných úsekov dejín učiteľstva na Slovensku.

Bibliographic Details
Main Author: Kompoltová, Soňa (Author)
Format: Article
Language:Slovak
Subjects:
BZB

MARC

LEADER 00000nab a2200000 a 4500
001 vtls001498319
003 SK-MaSNL
005 20260303075623.0
008 050224s1995 xo 000 0 slo
035 |a SPKCL1129 
040 |a SPKCL  |b slo  |c SNKBUCL  |d ÚIP-SPK(KG)  |e AACR2 
041 |a slo 
044 |a xo  |c SK 
080 |a 378.637(091)(437.6)"1918-1946"  |2 1981 
080 |a 378  |2 1981 
100 1 |a Kompoltová, Soňa  |4 aut  |9 11245 
245 1 0 |a Odzrkadlenie snáh o vysokoškolské vzdelávanie učiteľov národných škôl v slovenských pedagogických časopisoch v období rokov 1918-1946  |c Soňa Kompoltová 
520 |a Otázka vysokoškolského vzdelávania učiteľov národných škôl ako jeden z významných úsekov dejín učiteľstva na Slovensku. 
655 7 |a BZB  |2 snkbucl  |9 1080216 
773 1 |t Dejiny školstva v slovenskej pedagogickej časopiseckej tvorbe,  |g ÚIPŠMT s. 65-73 
850 |a Slovenská pedagogická knižnica Bratislava 
852 |a SPKCL  |b KIS3GCP  |b 000710000  |n SK 
999 |c 1776621  |d 1778551